Esquema de la vida de lo vivo

محفوظ في:
التفاصيل البيبلوغرافية
المؤلف الرئيسي: Cirelli, Alberto
التنسيق: كتاب
اللغة:Undetermined
منشور في: Buenos Aires, Argentina El Ateneo 1943
الموضوعات:
الوسوم: إضافة وسم
لا توجد وسوم, كن أول من يضع وسما على هذه التسجيلة!

MARC

LEADER 00000nam a2200000Ia 4500
008 170316s9999 xx 000 0 und d
090 |a 100 C-27e 
100 |a Cirelli, Alberto 
245 |a Esquema de la vida de lo vivo 
260 |a Buenos Aires, Argentina 
260 |b El Ateneo 
260 |c 1943 
300 |a 255 páginas 
650 |a FILOSOFÍA 
999 |c 15896  |d 15896 
040 |a cru BVZT 
942 |c 15 D  |h 100 C-27e  |2 z